000 00896nam a2200289Ia 4500
005 20260324145254.0
008 008 260324s9999 xx 000 0 eng d
020 _a9781003079491
037 _aEBOOK
040 _aCRL
040 _beng
040 _cCRL
041 _2eng
041 _aeng
084 _qCRL
100 _a Miwa; Hayaishi; Takashi Sugimura; Smulson; Shall
_91222376
245 0 _aProceedings of the International Symposia of the Princess Takamatsu Cancer Research Fund, Volume 13 ADP-Ribosylation, DNA Repair and Cancer
245 0 _bProceedings of the International Symposia of the Princess Takamatsu Cancer Research Fund, Volume 13
260 _bTaylor and Francis
260 _c1983
365 _a
365 _b385
856 _uhttp://www.taylorfrancis.com/books/9781003079491
942 _cEBOOK
999 _c1830048
_d1830048